ბათუმის შოთა რუსთაველის სახელმწიფო უნივერსიტეტის ბიბლიოთეკა

თხზულებანი 20 ტომად. ნოველები. ტ.1 (ბიბ.ჩანაწერი № 47778)

000 -LEADER
fixed length control field 00788nam a2200205Ia 4500
001 - CONTROL NUMBER
control field 14652
003 - CONTROL NUMBER IDENTIFIER
control field GE_BSU
008 - FIXED-LENGTH DATA ELEMENTS--GENERAL INFORMATION
fixed length control field 181216s||||||||xx |||||||||||||| ||und||
040 ## - CATALOGING SOURCE
Transcribing agency GE_BSU
080 ## - UNIVERSAL DECIMAL CLASSIFICATION NUMBER
Universal Decimal Classification number 821.353.1+821.353.1-32
100 ## - MAIN ENTRY--PERSONAL NAME
Personal name გამსახურდია,კონსტანტინე
245 ## - TITLE STATEMENT
Title თხზულებანი 20 ტომად. ნოველები. ტ.1
245 ## - TITLE STATEMENT
Statement of responsibility, etc. სარედ. კოლ.ზვიად გამსახურდია. მხატვ. გია სურგულაძემთ. რედ. სოსო სიგუა
260 ## - PUBLICATION, DISTRIBUTION, ETC.
Place of publication, distribution, etc. თბილისი
260 ## - PUBLICATION, DISTRIBUTION, ETC.
Date of publication, distribution, etc. 1992
300 ## - PHYSICAL DESCRIPTION
Extent 448გვ.20სმ.
653 ## - INDEX TERM--UNCONTROLLED
Uncontrolled term თხზულებანი
653 ## - INDEX TERM--UNCONTROLLED
Uncontrolled term ნოველები
942 ## - ADDED ENTRY ELEMENTS (KOHA)
Koha item type წიგნი
ეგზემპლარები
Withdrawn status Lost status Damaged status Not for loan Date acquired Barcode Date last seen Price effective from Koha item type
        2018-12-17 37694 2018-12-17 2018-12-17 წიგნი